000 00629nam a2200253Ia 4500
003 OSt
005 20220912152544.0
006 a|||||r|||| 00| 0
007 ta
008 220909b |||||||| |||| 00| 0 eng d
024 _a41596
037 _cTextual
040 _aCSL
_beng
_cCSL
041 _aeng
082 _aG11:16, K41.2
100 _aWillmer E N Ed.
245 0 _aCells and tissues in culture: Methods, bilogy and physiology
260 _c1964
300 _ap.
_ccm.
650 _a Cell
650 _aBiology
942 _hG11:16, K41.2
_cTEXL
_2CC
999 _c88591
_d88591